Statistics for Famous Lasts Quiz

Click here to take the quiz!

General Stats

  • This quiz has been taken 33,756 times
    (12,765 since last reset)
  • The average score is 11 of 22

Answer Stats

Last...DateAnswer% Correct
State to join the U.S.1959Hawaii
95%
Greek letter-Omega
83%
Battle of Napoleon1815Waterloo
79%
Soviet leader1991Mikhail Gorbachev
76%
Russian tsar1917Nicholas II
64%
Country to gain full
independence
2011South Sudan
64%
Last words of Julius Caesar
(according to Shakespeare)
-Et tu, Brute!
Then fall, Caesar
61%
Harry Potter book
(original series)
2007Harry Potter and the
Deathly Hallows
61%
Tudor monarch1603Elizabeth I
58%
Major land mass to
be discovered
1820Antarctica
55%
Book of the Bible-Book of Revelation
53%
Day before Lent-Fat Tuesday
48%
Saxon King of England1066Harold II
34%
Pharaoh of Egypt (adult)30 BCCleopatra VII
34%
Gift on the
12 Days of Christmas
-12 Drummers
Drumming
33%
Dynasty of China1912Qing
33%
Canadian territory to be
organized
1999Nunavut
32%
Stanley Kubrick film1999Eyes Wide Shut
31%
Moorish city in Spain1492Granada
30%
Beatles album to be released1970Let it Be
23%
Sega video game console1999Dreamcast
21%
Pinta Island tortoise2012{Lonesome}
George
13%

Score Distribution

Percentile by Number Answered

Percent of People with Each Score

Your Score History

You have not taken this quiz since the last reset